<?xml version="1.0" encoding="UTF-8"?>
<collection xmlns="http://www.loc.gov/MARC21/slim">
<record>
  <controlfield tag="001">167443</controlfield>
  <controlfield tag="005">20260121151437.0</controlfield>
  <datafield tag="037" ind1=" " ind2=" ">
    <subfield code="a">TAZ-TFG-2025-605</subfield>
  </datafield>
  <datafield tag="041" ind1=" " ind2=" ">
    <subfield code="a">spa</subfield>
  </datafield>
  <datafield tag="100" ind1="1" ind2=" ">
    <subfield code="a">Sanz Dobón, Lucía</subfield>
  </datafield>
  <datafield tag="242" ind1="0" ind2="0">
    <subfield code="a">STANDARDIZED CARE PLAN FOR PATIENTS WITH SIBO</subfield>
  </datafield>
  <datafield tag="245" ind1="0" ind2="0">
    <subfield code="a">PLAN DE CUIDADOS ESTANDARIZADO A PACIENTES CON SIBO</subfield>
  </datafield>
  <datafield tag="260" ind1=" " ind2=" ">
    <subfield code="a">Zaragoza</subfield>
    <subfield code="b">Universidad de Zaragoza</subfield>
    <subfield code="c">2025</subfield>
  </datafield>
  <datafield tag="506" ind1=" " ind2=" ">
    <subfield code="a">by-nc-sa</subfield>
    <subfield code="b">Creative Commons</subfield>
    <subfield code="c">3.0</subfield>
    <subfield code="u">http://creativecommons.org/licenses/by-nc-sa/3.0/</subfield>
  </datafield>
  <datafield tag="520" ind1=" " ind2=" ">
    <subfield code="a">Introducción: El sobrecrecimiento bacteriano del intestino delgado (SIBO) es un trastorno &lt;br />clínico debido a la proliferación anómala de bacterias en el intestino delgado cuyos síntomas &lt;br />principales son dolor y distensión abdominal, meteorismo, diarrea o estreñimiento, náuseas y &lt;br />pérdida de peso. La prueba diagnóstica denominada “estándar de oro” es el cultivo de &lt;br />aspirados yeyunales, pero la más utilizada es la prueba del aliente exhalado. El tratamiento del &lt;br />SIBO combina antibioterapia y una dieta baja en FODMAP posteriormente ajustada a las &lt;br />necesidades del paciente. La prevalencia se encuentra entre el 2,5-22% de la población, siendo &lt;br />más frecuente en pacientes con trastornos gastroenterológicos. Las recurrencias son frecuentes &lt;br />y aproximadamente el 40% de los casos no responden al tratamiento. Las complicaciones &lt;br />varían desde alteraciones digestivas leves hasta afecciones múltiples graves, siendo la más &lt;br />común la malabsorción de grasas y vitaminas liposolubles. &lt;br />Objetivo: Elaborar un plan de cuidados de enfermería estandarizado para pacientes con SIBO, &lt;br />enfocado en el manejo de síntomas, mejora de la función intestinal, optimización de la &lt;br />absorción de nutrientes y prevención de complicaciones, con el fin de mejorar su calidad de &lt;br />vida. &lt;br />Metodología: Se ha realizado una búsqueda bibliográfica en diferentes bases de datos como &lt;br />“Pubmed”, “Cochrane”, y “Google Académico”. Para el desarrollo del plan de cuidados se ha &lt;br />empleado el modelo de valoración de enfermería de las 14 Necesidades Básicas de Virginia &lt;br />Henderson y las taxonomías NANDA, NIC, y NOC procedentes de ClinicalKey Student. &lt;br />Desarrollo: Se inicia con la valoración enfermera de las 14 necesidades y a partir de esta se &lt;br />desarrollan los principales diagnósticos enfermeros y problemas de colaboración que &lt;br />priorizamos mediante el modelo AREA. Se desarrollan y puntúan los NOC y NIC &lt;br />correspondientes con el objetivo de utilizarlo como guía estándar en pacientes con SIBO. &lt;br />Conclusión: Un plan de cuidados estandarizado ofrece una atención de calidad basada en la &lt;br />evidencia científica actual y es una herramienta clave para unificar la práctica enfermera. No &lt;br />obstante, es fundamental tener en cuenta que su diseño responde a una visión general, por lo &lt;br />que su aplicación debe ajustarse a las necesidades específicas de cada paciente y a las &lt;br />características concretas de cada situación. &lt;br />Palabras clave: “sibo”, “sibo diagnóstico”, “sibo recurrencia”, “dieta baja en FODMAP” &lt;br />&lt;br /></subfield>
  </datafield>
  <datafield tag="521" ind1=" " ind2=" ">
    <subfield code="a">Graduado en Enfermería</subfield>
  </datafield>
  <datafield tag="540" ind1=" " ind2=" ">
    <subfield code="a">Derechos regulados por licencia Creative Commons</subfield>
  </datafield>
  <datafield tag="856" ind1="0" ind2=" ">
    <subfield code="f">838793@unizar.es</subfield>
  </datafield>
  <datafield tag="856" ind1="4" ind2=" ">
    <subfield code="s">1921951</subfield>
    <subfield code="u">http://zaguan.unizar.es/record/167443/files/TAZ-TFG-2025-605.pdf</subfield>
    <subfield code="y">Memoria (spa)</subfield>
  </datafield>
  <datafield tag="909" ind1="C" ind2="O">
    <subfield code="o">oai:zaguan.unizar.es:167443</subfield>
    <subfield code="p">driver</subfield>
    <subfield code="p">trabajos-fin-grado</subfield>
  </datafield>
  <datafield tag="950" ind1=" " ind2=" ">
    <subfield code="a"></subfield>
  </datafield>
  <datafield tag="691" ind1=" " ind2=" ">
    <subfield code="a">3</subfield>
  </datafield>
  <datafield tag="692" ind1=" " ind2=" ">
    <subfield code="a">Elaborar un plan de cuidados de enfermería estandarizado para pacientes con SIBO,  enfocado en el manejo de síntomas, mejora de la función intestinal, optimización de la  absorción de nutrientes y prevención de complicaciones, con el fin de mejorar su  calidad de vida.</subfield>
  </datafield>
  <datafield tag="700" ind1=" " ind2=" ">
    <subfield code="a">Maicas Maicas, MªJosé</subfield>
    <subfield code="e">dir.</subfield>
  </datafield>
  <datafield tag="710" ind1="2" ind2=" ">
    <subfield code="a">Universidad de Zaragoza</subfield>
    <subfield code="b">Fisiatría y Enfermería</subfield>
    <subfield code="c">Enfermería</subfield>
  </datafield>
  <datafield tag="980" ind1=" " ind2=" ">
    <subfield code="a">TAZ</subfield>
    <subfield code="b">TFG</subfield>
    <subfield code="c">ENFTER</subfield>
  </datafield>
  <datafield tag="999" ind1=" " ind2=" ">
    <subfield code="a">20250512084155.CREATION_DATE</subfield>
  </datafield>
  <datafield tag="951" ind1=" " ind2=" ">
    <subfield code="a">deposita:2026-01-21</subfield>
  </datafield>
</record>
</collection>